The Simpsons' Characters - 4 - Statistics

General Stats
  • This quiz has been taken 62 times
  • The average score is 14 of 20
Answer Stats
Picture Answer % Correct
Disco Stu
96%
Kent Brockman
94%
Santa's Little Helper
91%
Snake
89%
Rod Flanders
87%
Todd Flanders
87%
Troy McClure
72%
Manjula Nahasapeemapetilon
70%
Üter
66%
Lunchlady Doris
64%
Rainier Wolfcastle
64%
Cookie Kwan
60%
Lionel Hutz
57%
The Sea Captain / Horatio McCallister
55%
Jacqueline Bouvier
53%
Rich Texan
53%
Brandine
51%
Database
51%
Mr Teeny
51%
Johnny Tightlips
43%
No matching quizzes found
Score Distribution
Percent of People with Each Score
Percentile by Number Answered
Your Score History
You have not taken this quiz